000 00261nam a2200109Ia 4500
008 190919s9999||||xx |||||||||||||| ||und||
100 _aJames Essinger
245 0 _aEastern European Banking
260 _aNew york
_bPrentice
_c2003
300 _a376
942 _cBK
999 _c10544
_d10544